Classifica Marcatori Olympique LioneAll-Time - Statistics

Statistiche generali
  • Questo quiz è stato fatto 2 volte
  • Il punteggio medio è 3 su 10
Statistiche sulle risposte
Gol Nazione Calciatore % Corretto
173 Francia Alexandre Lacazette
100%
95 Francia Bafétimbi Gomis
50%
100 Brasile Juninho Pernambucano
50%
82 Argentina Lisandro López
50%
149 Francia Bernard Lacombe
0%
222 Francia Fleury Di Nallo
0%
94 Argentina / Francia Nestor Combin
0%
135 Francia Serge Chiesa
0%
77 Francia Sidney Govou
0%
94 Brasile Sonny Anderson
0%
Nessun quiz corrispondente trovato
Distribuzione punteggi
Percentuale di utenti per punteggio
Percentile per numero di risposta
I tuoi punteggi nel tempo
Non hai fatto questo quiz